The Unified modeling language user's guide (Record no. 193759)
[ view plain ]
| 000 -LEADER | |
|---|---|
| fixed length control field | 00423nam a2200145Ia 4500 |
| 008 - FIXED-LENGTH DATA ELEMENTS--GENERAL INFORMATION | |
| fixed length control field | 231217s9999 xx 000 0 und d |
| 041 ## - LANGUAGE CODE | |
| Language code of text/sound track or separate title | English |
| 082 ## - DEWEY DECIMAL CLASSIFICATION NUMBER | |
| Classification number | 001.6424UML BOO;16 R1 |
| 100 ## - MAIN ENTRY--PERSONAL NAME | |
| Personal name | Booch, Grady. Rumbaugh, James. Jacobson, Ivar. |
| 245 #4 - TITLE STATEMENT | |
| Title | The Unified modeling language user's guide |
| 260 ## - PUBLICATION, DISTRIBUTION, ETC. | |
| Date of publication, distribution, etc. | 1999 |
| Name of publisher, distributor, etc. | Dorling Kindersley |
| Place of publication, distribution, etc. | Noida |
| 300 ## - PHYSICAL DESCRIPTION | |
| Extent | 504 |
| 650 ## - SUBJECT ADDED ENTRY--TOPICAL TERM | |
| Topical term or geographic name entry element | Unified,modeling,user's |
| 942 ## - ADDED ENTRY ELEMENTS (KOHA) | |
| Koha item type | Books |
| Date last seen | Total checkouts | Full call number | Accession number | Uniform resource identifier | Cost, total (INR) price | Price effective from | Category | Lost status | Damaged status | Department | Withdrawn status | Home library | Current library | Shelving location | Entry date | Vendor | Cost, normal purchase price | Grants | Billnumber | Billdate | Currency symbol | Conversion rate | Discount | Old discount |
|---|---|---|---|---|---|---|---|---|---|---|---|---|---|---|---|---|---|---|---|---|---|---|---|---|
| 26/01/2024 | 001.6424UML BOO;16 R1 | 81591 | digital/contents/44268.pdf | 461.25 | 26/01/2024 | Books | Central Library | Central Library | Central Library | Central Library | 04/08/2012 | Book Paradise | 615.00 | IS | 69432 | 23/11/2017 | RS | 1 | 153.75 | 25 | ||||
| 26/01/2024 | 001.6424UML BOO;17 | 81592 | digital/contents/44268.pdf | 461.25 | 26/01/2024 | Books | Central Library | Central Library | Central Library | Central Library | 04/08/2012 | Book Paradise | 615.00 | IS | 69432 | 23/11/2017 | RS | 1 | 153.75 | 25 | ||||
| 26/01/2024 | 001.6424UML BOO;18 | 86278 | digital/contents/44268.pdf | 524.25 | 26/01/2024 | Books | MCA | Central Library | Central Library | MCA | 17/06/2013 | Book Paradise | 699.00 | MCA | 73187 | 03/06/2021 | RS | 1 | 174.75 | 25 | ||||
| 26/01/2024 | 001.6424UML BOO;19 | 86279 | digital/contents/44268.pdf | 524.25 | 26/01/2024 | Books | Central Library | Central Library | Central Library | Central Library | 17/06/2013 | Book Paradise | 699.00 | MCA | 73187 | 03/06/2021 | RS | 1 | 174.75 | 25 | ||||
| 26/01/2024 | 001.6424UML BOO;20 | 86280 | digital/contents/44268.pdf | 524.25 | 26/01/2024 | Books | Central Library | Central Library | Central Library | Central Library | 17/06/2013 | Book Paradise | 699.00 | MCA | 73187 | 03/06/2021 | RS | 1 | 174.75 | 25 |
